Word Ladder: Bird Sounds Quiz Stats

Quiz Updated Jul 22, 2015

Also try: Word Ladder: Birds
Challenge
Share
Tweet
Embed
Score 0/17 Timer 02:00
0 Plays Today
Clue 5-Letter Word % Correct
A post on Twitter***TWEET***
98.7%
'Baa baa black _______'SHEEP
97.7%
One of the four basic tastesSWEET
96.2%
Extremely frugalCHEAP
92.9%
Place for a pirate's bootyCHEST
92.3%
Baby bird sound***CHEEP***
91.9%
To practice fraud or deceitCHEAT
91.8%
What a teacher doesn't have in the summerCLASS
90.8%
Part that holds a necklace togetherCLASP
90.2%
Clue 5-Letter Word % Correct
Board game with mates?CHESS
89.6%
Another name for a curling surfaceSHEET
88.7%
Inappropriate, lacking refinementCRASS
82.5%
WinnerCHAMP
81.2%
Simian closely related to humansCHIMP
81.2%
A device used to hold something in placeCLAMP
79.8%
Usually pungent salad leavesCRESS
79.7%
Bird sound***CHIRP***
79.2%

Today's Daily Dose

Missing Word
Law Misconceptions

Word Ladder
Easy Math

On This Day
January 20th

You're not logged in!

Compare scores with friends on all Sporcle quizzes.
Sign Up with Email
OR
Log In

You Might Also Like...

Show Comments

Extras

Top Quizzes Today


Score Distribution

Your Account Isn't Verified!

In order to create a playlist on Sporcle, you need to verify the email address you used during registration. Go to your Sporcle Settings to finish the process.